|
|
|
|
| LEADER |
01002cam a2200265 7i4500 |
| 001 |
0000082777 |
| 005 |
20240710090000.0 |
| 020 |
|
|
|a 9781003227847 (electronic book)
|
| 090 |
0 |
0 |
|a TA347.D45
|b D54 2024
|
| 245 |
0 |
0 |
|a Differential equation based solutions for emerging real-time problems
|c edited by Papiya Debnath, Biswajit Sarkar, Manash Chanda.
|
| 250 |
|
|
|a First edition.
|
| 264 |
|
|
|a Boca Raton, FL:
|b CRC Press Book,
|c 2024.
|
| 300 |
|
|
|a 1 online resource (xiii, 296 pages):
|b text file, PDF.
|
| 336 |
|
|
|a text
|2 rdacontent
|
| 337 |
|
|
|a computer
|2 rdamedia
|
| 338 |
|
|
|a online resource
|2 rdacarrier
|
| 650 |
|
0 |
|a Engineering mathematics
|
| 650 |
|
0 |
|a Differential equations
|
| 655 |
|
0 |
|a Electronic books
|
| 700 |
1 |
|
|a Debnath, Papiya
|
| 700 |
1 |
|
|a Sarkar, Biswajit
|
| 700 |
1 |
|
|a Chanda, Manash
|
| 856 |
4 |
2 |
|u http://library.unisel.edu.my/web/guest/mylibrary
|
| 997 |
|
|
|a Engineering & Life Sciences, Faculty
|b Engineering, Department
|
| 999 |
|
|
|a EBO0023345
|b EBOOK
|c EBOOK
|e Electronic resources
|